Ética y Polt̕ica (para tiempos violentos)

Bibliographic Details
Main Author: ℓvalos Tenorio, Gerardo
Format: eBook
Language:Spanish
Published: Ciudad de Mx̌ico: Cm̀ara de Diputados, 2016
Subjects:
Online Access:Acceso restringido

MARC

LEADER 00000nam a22000007a 4500
005 20180330230131.0
007 cr|||| ||||
008 180330s2016 mx |||||s||||f00||0 spa d
020 |a 978-607-28-0862-1 
035 |a 21174 
040 |a vLex 
090 |c 7601  |d 7601 
100 1 |a ℓvalos Tenorio, Gerardo 
245 1 0 |a Ética y Polt̕ica (para tiempos violentos)  |h [Recurso electrn̤ico] /  |c Gerardo ℓvalos Tenorio 
256 |a Servicio en ln̕ea 
260 |a Ciudad de Mx̌ico:  |b Cm̀ara de Diputados,  |c 2016 
300 |a 1 recurso electrn̤ico 
506 1 |a Disponible solo en los productos indicados  |d vLex Global  |d vLex Global (Academic Edition, excluding Law Schools)  |d vLex Global (U.S. Academic Edition, Law Schools)  |d vLex Global (U.S. Academic Edition, excluding Law Schools)  |d vLex Global (Academic Edition, Law Schools) 
650 0 4 |a Ciencias sociales  |z Mx̌ico 
740 0 |a vLex Libros (Servicio en ln̕ea) 
856 4 0 |u http://vlex.com/source/etica-politica-tiempos-violentos-21174  |z Acceso restringido 
942 |c BOOK 
999 0 |a Social Sciences